Políticas mundiales, tendencias peligrosas : anuario del CIP 2001 /

Guardat en:
Dades bibliogràfiques
Autor principal: Aguirre, Mariano (coord.)
Altres autors: González Bustelo, Mabel (coordinación) (coordinación)
Format: Llibre
Idioma:espanyol
Publicat: Barcelona, España : Madrid, España : Icaria ; Fundación Hogar del Empleado, Centro de Investigación para la Paz, 2001, c2001
Matèries:
Etiquetes: Afegir etiqueta
Sense etiquetes, Sigues el primer a etiquetar aquest registre!

MARC

LEADER 00000nam^a2200000^a^4500
001 000166750
005 20250521000000.0
009 20260310101103.258
020 |a 84-7426-531-2 
037 |a Acervo ITESO - Biblioteca 
041 |a ESP 
082 |a 327. 03  |b CIP 2001 
100 |a Aguirre, Mariano  |e (coord.) 
240 1 1 |a [Anuario CIP] 
245 1 0 |a Políticas mundiales, tendencias peligrosas :  |b anuario del CIP 2001 /  |c Ed. de M. Aguirre, M. González Bustelo. 
264 4 |a Barcelona, España :  |b Icaria ;  |a Madrid, España :  |b Fundación Hogar del Empleado, Centro de Investigación para la Paz,  |c 2001, c2001 
300 |a 311 p. 
336 |a texto  |b txt  |2 rdacontenido 
337 |a sin mediación  |b n  |2 rdamedio 
338 |a volumen  |b nc  |2 rdasoporte 
649 |a XX 
650 |a Relaciones Internacionales -  |x Anuarios 
650 |a Guerra y Paz -  |x Investigación 
650 |a Conflicto Social 
650 |a Violencia 
650 |a Globalización 
650 |a Seguridad Internacional 
650 |a Democracia 
650 |a Bosnia-Herzegovina -  |x Condiciones Políticas 
650 |a Guerra y Paz -  |z Colombia 
650 |a Angola -  |x Condiciones Políticas 
650 |a Chechenia, Rusia -  |x Condiciones Políticas 
650 |a Marruecos -  |x Condiciones Políticas 
650 |a Inmigración -  |z Europa 
650 |a Armas de Fuego -  |x Industria y Comercio 
650 |a Tráfico de Armas -  |x Aspectos Políticos 
650 |a Derechos Humanos 
650 |a Política Internacional 
650 |a Anuarios 
700 |a González Bustelo, Mabel  |e (coordinación) 
910 |a Fondo General 
920 |a Impresos - Libros 
930 |a Obras de Referencia 
905 |a 102 
901 |a 0500102010  |b IT2  |c REF  |u 20250521 
902 |a https://opac.biblio.iteso.mx/vufind/Record/000166750